Statistics for Food In The Raw

Click here to take the quiz!

General Stats

  • This quiz has been taken 30 times
  • The average score is 13 of 24

Answer Stats

Answer% Correct
Wheat
96%
Coffee
92%
Sugar
88%
Cinnamon
84%
Honey
84%
Vanilla
84%
Corn
76%
Rice
76%
Veal
64%
Artichokes
52%
Cranberries
52%
Salt
52%
Tuna
52%
Almonds
48%
Cashews
48%
Pumpkin Seeds
48%
Pepper
44%
Coconuts
36%
Barley
28%
Marijuana / Cannabis
24%
Soya / Soy Beans
20%
Dates
16%
Chocolate / Cacao
12%
Pistachios
12%

Score Distribution

Percentile by Number Answered

Percent of People with Each Score

Your Score History

You have not taken this quiz